Pays vainqueur de la CAN depuis 2000 - Mort Subite - Statistiques

Statistiques générales
  • Ce quiz a été pris 173 fois
  • Le résultat moyen est 5 sur 8
Answers on the Grid
Answers color-coded by a green-red scale on the quiz's grid according to % correct below.
Afrique du Sud
Algérie
Cameroun
Côte d'Ivoire
Egypte
Gabon
Gambie
Ghana
Mali
Maroc
Nigeria
RD Congo
Sénégal
Tunisie
Zambie
 
Statistiques - réponses
Réponse % Correct
2024, 2015 Côte d'Ivoire
80%
2021 Sénégal
72%
2019 Algérie
69%
2010, 2008, 2006 Egypte
65%
2017, 2002, 2000 Cameroun
64%
2012 Zambie
51%
2013 Nigeria
50%
2004 Tunisie
34%
Aucun quiz correspondant
Distribution des résultats
% des personnes avec chaque résultat
Percentile par nombre de réponses
Votre historique - résultats
Vous n’avez pas pris ce quiz